[Event "Belgrade-chTB Quality"]
[Site "Belgrade"]
[Date "2018.10.28"]
[Round "10.7"]
[White "Stojanovic, Mihailo"]
[Black "Lazovic, Branko"]
[Result "1-0"]
[WhiteElo "1994"]
[BlackElo "1950"]
[PlyCount "85"]
[EventDate "2018.09.29"]
[EventType "team-tourn"]
[EventRounds "11"]
[EventCountry "SRB"]
[SourceTitle "CBM 187 Extra"]
[Source "ChessBase"]
[SourceDate "2018.11.04"]
[SourceVersion "1"]
[SourceVersionDate "2018.11.04"]
[SourceQuality "1"]
[WhiteTeam "Belgrade Turbina"]
[BlackTeam "Nis Jugopetrol"]
[WhiteTeamCountry "SRB"]
[BlackTeamCountry "SRB"]

1. e4 c5 2. Nf3 Nc6 3. d4 cxd4 4. Nxd4 g6 5. Nc3 Bg7 6. Be3 Nf6 7. f3 a6 8. Qd2 d6 9. 0-0-0 Qc7 10. g4 b5 11. h4 Nd7 12. Nd5 Qb7 13. Nxc6 Qxc6 14. Bh6 Bf8 15. h5 e6 16. Bxf8 Rxf8 17. Nb4 Qc5 18. Bg2 Ke7 19. e5 d5 20. Qg5+ Ke8 21. Nd3 Qc4 22. Kb1 Bb7 23. Rhe1 a5 24. Nf4 a4 25. Bf1 Qb4 26. a3 Qc5 27. Qh6 b4 28. Nd3 Qc7 29. Nxb4 Ra5 30. f4 Nc5 31. Qxh7 gxh5 32. gxh5 Qd8 33. f5 Qg5 34. f6 Qg8 35. Qg7 Qh8 36. Qg5 Rg8 37. Qd2 Ra8 38. Bb5+ Kd8 39. Qd4 Nd7 40. Bxd7 Kxd7 41. Qb6 Rab8 42. Qd6+ Kc8 43. Rd3 1-0

[Event "Belgrade-chT"]
[Site "Belgrade"]
[Date "2017.10.07"]
[Round "2.8"]
[White "Milin, Dragan"]
[Black "Lazovic, Branko"]
[Result "1/2-1/2"]
[WhiteElo "2032"]
[BlackElo "1994"]
[PlyCount "93"]
[EventDate "2017.10.01"]
[EventType "team-tourn"]
[EventRounds "11"]
[EventCountry "SRB"]
[SourceTitle "CBM 181 Extra"]
[Source "ChessBase"]
[SourceDate "2017.12.12"]
[SourceVersion "1"]
[SourceVersionDate "2017.12.12"]
[SourceQuality "1"]
[WhiteTeam "Bogoslov"]
[BlackTeam "Nis Jugopetrol"]
[WhiteTeamCountry "SRB"]
[BlackTeamCountry "SRB"]

1. d4 d5 2. Nf3 Nf6 3. e3 a6 4. Nbd2 e6 5. Bd3 Bd6 6. Qe2 c5 7. c3 Qc7 8. 0-0 b6 9. Re1 Bb7 10. e4 dxe4 11. Nxe4 Nbd7 12. Nxd6+ Qxd6 13. Bg5 cxd4 14. cxd4 0-0 15. Rad1 b5 16. Bh4 Qd5 17. Bb1 Rac8 18. Qd3 Rfe8 19. Bg3 Red8 20. Re3 g6 21. h3 Rc4 22. b3 Rcc8 23. Ne1 Qg5 24. Nf3 Qd5 25. Bh4 Kg7 26. Ne1 b4 27. Qe2 Rc3 28. Rxc3 bxc3 29. f3 Rc8 30. Bf2 Qc6 31. Bc2 Nd5 32. Nd3 a5 33. a4 Ba6 34. Qe1 Bxd3 35. Bxd3 c2 36. Rc1 Qc3 37. Bc4 Qb2 38. Qd2 Nb4 39. d5 e5 40. f4 f6 41. fxe5 Qxe5 42. Bd4 Qg3 43. Rf1 Qd6 44. Bc3 Qc5+ 45. Kh1 Nxd5 46. Bd4 Qc6 47. Qxc2 1/2-1/2